International relations: for general studies preliminary and main exam Ed 3 (Record no. 211988)

MARC details
000 -LEADER
fixed length control field 00641nam a2200193Ia 4500
008 - FIXED-LENGTH DATA ELEMENTS--GENERAL INFORMATION
fixed length control field 210719s2021 xx 000 0 und d
020 ## - INTERNATIONAL STANDARD BOOK NUMBER
International Standard Book Number 978-93-90219-57-5
041 ## - LANGUAGE CODE
Language code of text/sound track or separate title eng
082 ## - DEWEY DECIMAL CLASSIFICATION NUMBER
Classification number 327 SINI
100 ## - MAIN ENTRY--PERSONAL NAME
Personal name SINGH (Pavneet)
245 ## - TITLE STATEMENT
Title International relations: for general studies preliminary and main exam Ed 3
250 ## - EDITION STATEMENT
Edition statement 3
260 ## - PUBLICATION, DISTRIBUTION, ETC.
Place of publication, distribution, etc. Chennai
Name of publisher, distributor, etc. McGraw Hill Education (India) Private Limited
Date of publication, distribution, etc. 2021
300 ## - PHYSICAL DESCRIPTION
Extent xxvi,470
Other physical details PB
365 ## - TRADE PRICE
Price amount 425
Currency code Rs
650 ## - SUBJECT ADDED ENTRY--TOPICAL TERM
Topical term or geographic name entry element International Relations
650 ## - SUBJECT ADDED ENTRY--TOPICAL TERM
Topical term or geographic name entry element Political Science
906 ## - LOCAL DATA ELEMENT F, LDF (RLIN)
a 3 ; Ed ; exam ; for ; general ; International ; main ; preliminary ; relations: ; studies
Holdings
Withdrawn status Lost status Damaged status Not for loan Collection code Home library Current library Date acquired Source of acquisition Cost, normal purchase price Total Checkouts Full call number Barcode Date last seen Date last checked out Cost, replacement price Price effective from Koha item type
          St Aloysius Library St Aloysius Library 03/10/2021 Biblios Book Point, Surathkal-575014 | General Annual 425.00 3 327 SINI 074802 07/09/2025 06/30/2025 340.00 07/19/2021 Book